000 00579nmm a2200169Ia 4500
008 251105s9999||||xx |||||||||||||||||und||
020 _a9788437094571
041 _aspa
100 _aLuengo Sánchez, Jorge
245 0 _aUna sociedad conyugal :
_b Las élites de Valladolid en el espejo de Madeburgo en el siglo XIX
264 _a[Madrid, España] :
_bPublicaciones de la Universidad de Valencia (PUV),
_c2014
300 _a288 páginas
490 _aHistoria
650 _aHistory of Europe: Spain
856 _uhttps://public.digitaliapublishing.com/a/37235
942 _cCF
999 _c82657
_d82657